Europa en el siglo XIX: desde 1830 hasta 1880
Guardado en:
| Autor principal: | |
|---|---|
| Formato: | Libro |
| Lenguaje: | español |
| Publicado: |
Madrid, España
Aguilar
1973
|
| Colección: | Cultura e Historia
|
| Materias: | |
| Etiquetas: |
Agregar Etiqueta
Sin Etiquetas, Sea el primero en etiquetar este registro!
|
MARC
| LEADER | 00000nam a2200000 a 4500 | ||
|---|---|---|---|
| 001 | UCO0321 | ||
| 003 | CL-VaPUC | ||
| 005 | 20220114074113.0 | ||
| 008 | 000420e19730000SP |||||||||||||||||spa|d | ||
| 999 | |c 287033 |d 287031 | ||
| 040 | |c Pontificia Universidad Católica de Valparaíso | ||
| 082 | 0 | 4 | |a 940.28 HEA 1973 |2 21 |
| 100 | 0 | |a Hearder, H |e author |9 441520 | |
| 245 | 1 | 0 | |a Europa en el siglo XIX: |b desde 1830 hasta 1880 |
| 260 | |a Madrid, España |b Aguilar |c 1973 | ||
| 300 | |a 419 páginas | ||
| 490 | 0 | |a Cultura e Historia | |
| 583 | |a last modification |c 20160829 12:32:39 |k Rodrigo Vera | ||
| 650 | 7 | |a HISTORIA DE EUROPA |2 CL-VaPUC |9 318727 |y SIGLO 19 | |
| 650 | 0 | |a Historia contemporánea |z EUROPA |9 343224 | |
| 650 | 0 | |a Ideologías políticas |z EUROPA |9 255735 | |
| 650 | 0 | |a Desarrollo industrial |z EUROPA |9 322675 | |
| 942 | |c BK |2 ddc | ||
| 945 | |d 20000420 00:00:00 |a rherrera | ||
| 952 | |0 0 |1 0 |2 ddc |4 0 |6 940_280000000000000_HEA_1973 |7 0 |8 A |9 333421 |a BIBHIS |b BIBHIS |d 2019-11-20 |i 1264672 |l 1 |o 940.28 HEA 1973 |p 1264672 |r 2025-01-20 |s 2023-04-25 |t 1 |w 2019-11-20 |y BK |k HIS | ||